00296nam a2200109Ia 4500008004100000041001200041082001100053100001900064245009000083260000600173650000700179221030s9999 xx 000 0 und d aEnglish a105.23 aJ. M. Nicholas 0aProject Management For Business & Technology Principles & Practicecby J. M. Nicholas c0 aMb